[Event "BL 1718 SV Mülheim Nord - SK Schwäbis"]
[Site "?"]
[Date "2017.12.10"]
[Round "6.3"]
[White "Michalik, Peter"]
[Black "Feygin, Michael"]
[Result "1/2-1/2"]
[WhiteElo "2557"]
[BlackElo "2485"]
[PlyCount "96"]
[EventDate "2017.??.??"]

1. d4 d5 2. c4 e5 3. dxe5 d4 4. Nf3 Nc6 5. a3 Nge7 6. b4 Ng6 7. Bb2 a5 8. b5
Ncxe5 9. Qxd4 Qxd4 10. Bxd4 Nxc4 11. e3 Nd6 12. h4 h5 13. Nbd2 Bd7 14. a4 Nf5
15. Bb2 Bb4 16. Bd3 O-O-O 17. O-O-O f6 18. Nb3 Rhe8 19. Na1 Nge7 20. Nc2 Bc5
21. Rd2 Nd6 22. Nfd4 b6 23. Nb3 Nb7 24. Be4 Be6 25. Bxb7+ Kxb7 26. Nxc5+ bxc5
27. Rhd1 Rxd2 28. Rxd2 Bb3 29. Ne1 c4 30. Nc2 Bxa4 31. Na3 Bb3 32. Bc3 a4 33.
Kb2 Nf5 34. Rd5 g6 35. Rd7 Re6 36. g3 Kc8 37. Rf7 Nd6 38. Rf8+ Ne8 39. Bd4 Kb7
40. Kc3 Nd6 41. Kb4 Ne4 42. Nxc4 Bxc4 43. Kxc4 f5 44. Kb4 Nxf2 45. Rf7 Kc8 46.
Rf8+ Kb7 47. Rf7 Kc8 48. Rf8+ Kb7 1/2-1/2

[Event "BL 1718 SV Mülheim Nord - SK Schwäbis"]
[Site "?"]
[Date "2017.12.10"]
[Round "6.4"]
[White "Zelbel, Patrick"]
[Black "Wirig, Anthony"]
[Result "1/2-1/2"]
[WhiteElo "2456"]
[BlackElo "2497"]
[PlyCount "45"]
[EventDate "2017.??.??"]

1. e4 c5 2. c3 d5 3. exd5 Qxd5 4. Nf3 Nf6 5. Na3 e6 6. Be2 Be7 7. d4 O-O 8. Nb5
Na6 9. O-O cxd4 10. c4 Qd8 11. Nbxd4 Qc7 12. Nb5 Qb8 13. Qd4 Rd8 14. Qh4 e5 15.
Qg3 Bg4 16. h3 Bxf3 17. Bxf3 Nc5 18. Re1 Nd3 19. Re2 e4 20. Qxb8 Raxb8 21. Bxe4
Nxe4 22. Rxe4 Bc5 23. Be3 1/2-1/2

[Event "BL 1718 SV Mülheim Nord - SK Schwäbis"]
[Site "?"]
[Date "2017.12.10"]
[Round "6.5"]
[White "Womacka, Mathias"]
[Black "Hausrath, Daniel"]
[Result "1/2-1/2"]
[WhiteElo "2438"]
[BlackElo "2497"]
[PlyCount "42"]
[EventDate "2017.??.??"]

1. e4 c5 2. Nf3 Nc6 3. d4 cxd4 4. Nxd4 g6 5. c4 Bg7 6. Be3 Nf6 7. Nc3 O-O 8.
Be2 d6 9. O-O Bd7 10. Qd2 Nxd4 11. Bxd4 Bc6 12. f3 a5 13. b3 Nd7 14. Be3 Nc5
15. Rac1 Be5 16. Rfd1 e6 17. Bf1 Qe7 18. Nb5 b6 19. Bg5 f6 20. Bh6 Rfc8 21. g3
g5 1/2-1/2

[Event "BL 1718 SV Mülheim Nord - SK Schwäbis"]
[Site "?"]
[Date "2017.12.10"]
[Round "6.6"]
[White "Saltaev, Mihail"]
[Black "Raykhman, Alexander"]
[Result "1/2-1/2"]
[WhiteElo "2473"]
[BlackElo "2402"]
[PlyCount "41"]
[EventDate "2017.??.??"]

1. e4 c5 2. Nf3 d6 3. d4 cxd4 4. Nxd4 Nf6 5. Nc3 a6 6. Bc4 e6 7. a3 Be7 8. Ba2
O-O 9. O-O b5 10. Be3 Bb7 11. f3 Re8 12. Qe1 Nbd7 13. Qg3 Bf8 14. Rad1 Rc8 15.
Kh1 Qc7 16. Bc1 Qb8 17. Rfe1 Nc5 18. Qh3 Kh8 19. Nde2 Ncd7 20. Nd4 Nc5 21. Nde2
1/2-1/2

[Event "BL 1718 SV Mülheim Nord - SK Schwäbis"]
[Site "?"]
[Date "2017.12.10"]
[Round "6.7"]
[White "Zeller, Frank"]
[Black "van Osch, Mees"]
[Result "1-0"]
[WhiteElo "2368"]
[BlackElo "2320"]
[PlyCount "65"]
[EventDate "2017.??.??"]

1. d4 Nf6 2. Nf3 g6 3. c4 Bg7 4. Nc3 O-O 5. e4 d6 6. Be2 e5 7. d5 Nbd7 8. Bg5
h6 9. Bh4 g5 10. Bg3 Nh5 11. h4 g4 12. Nd2 Nxg3 13. fxg3 h5 14. O-O Bh6 15. Bd3
c6 16. Kh2 Qb6 17. Nb3 a5 18. Rf5 Kg7 19. Rxh5 Nf6 20. Rxh6 Kxh6 21. Qd2+ Kh7
22. c5 Qd8 23. Rf1 Rg8 24. Na4 dxc5 25. Nb6 c4 26. Nxc4 Nd7 27. Rxf7+ Rg7 28.
Rf5 Qe8 29. dxc6 bxc6 30. Nd6 Qg6 31. Rg5 Qf6 32. Rh5+ Kg8 33. Bc4+ 1-0

[Event "BL 1718 SV Mülheim Nord - SK Schwäbis"]
[Site "?"]
[Date "2017.12.10"]
[Round "6.8"]
[White "Buckels, Valentin"]
[Black "Zpevak, Pavel"]
[Result "0-1"]
[WhiteElo "2347"]
[BlackElo "2339"]
[PlyCount "138"]
[EventDate "2017.??.??"]

1. d4 Nf6 2. c4 e6 3. g3 d5 4. Nf3 dxc4 5. Qa4+ Nc6 6. Bg2 Bb4+ 7. Bd2 Nd5 8.
Qb5 Bxd2+ 9. Nbxd2 c3 10. bxc3 Nxc3 11. Qd3 Nd5 12. Rc1 O-O 13. h4 Nf6 14. e4
Ng4 15. Rc5 e5 16. d5 Nb4 17. Qc3 Na6 18. Rb5 f6 19. Rb2 Qe7 20. O-O Nc5 21.
Qc4 b6 22. Nb3 Ba6 23. d6+ Bxc4 24. dxe7 Rfe8 25. Nxc5 bxc5 26. Rc1 Be6 27.
Rxc5 Rxe7 28. Nh2 Nxh2 29. Kxh2 Rd8 30. Bh3 Bxh3 31. Kxh3 Rd4 32. Rb8+ Kf7 33.
Rb7 Ra4 34. Rcxc7 Rxc7 35. Rxc7+ Kg6 36. f3 Rxa2 37. h5+ Kh6 38. Kg4 Ra3 39.
Rf7 a5 40. Ra7 g6 41. hxg6 Kxg6 42. Ra6 h5+ 43. Kh4 Rxf3 44. Rxa5 Re3 45. Ra4
Re2 46. Kh3 Kg5 47. Ra8 Rxe4 48. Rg8+ Kf5 49. Rh8 Kg6 50. Rg8+ Kh7 51. Re8 Rg4
52. Re6 Kg6 53. Re8 Kf5 54. Rh8 Rg5 55. Kh4 Ke4 56. Ra8 Rf5 57. Ra3 Rf3 58.
Ra4+ Kf5 59. Ra5 Rd3 60. Rb5 Rd8 61. Ra5 Re8 62. Rb5 Kg6 63. Ra5 e4 64. g4 hxg4
65. Kxg4 e3 66. Ra1 e2 67. Re1 Re4+ 68. Kf3 Kf5 69. Kf2 Kf4 0-1

[Event "BL 1718 SV Werder Bremen - SF Deizisau"]
[Site "?"]
[Date "2017.12.10"]
[Round "6.1"]
[White "Leko, Peter"]
[Black "Areshchenko, Alexander"]
[Result "1/2-1/2"]
[WhiteElo "2691"]
[BlackElo "2644"]
[PlyCount "70"]
[EventDate "2017.??.??"]

1. e4 c5 2. Nf3 d6 3. d4 cxd4 4. Nxd4 Nf6 5. Nc3 a6 6. Be3 e5 7. Nb3 Be6 8. f3
h5 9. Nd5 Bxd5 10. exd5 Nbd7 11. Qd2 g6 12. O-O-O Nb6 13. Kb1 Nbxd5 14. Bg5 Be7
15. Bd3 Qc7 16. Rhe1 O-O-O 17. c4 Nb6 18. c5 dxc5 19. Nxc5 Qxc5 20. Rc1 Nc4 21.
Rxc4 Qxc4 22. Bxc4 Rxd2 23. Bxd2 Rh7 24. Rxe5 Bd6 25. Re1 h4 26. h3 Nh5 27. a4
Nf4 28. Bxf4 Bxf4 29. Re7 Bd6 30. Be6+ Kb8 31. Rd7 Bc7 32. b4 g5 33. Kc2 Rh6
34. Bxf7 Rh7 35. Be6 Rxd7 1/2-1/2

[Event "BL 1718 SV Werder Bremen - SF Deizisau"]
[Site "?"]
[Date "2017.12.10"]
[Round "6.2"]
[White "Efimenko, Zahar"]
[Black "Bluebaum, Matthias"]
[Result "1/2-1/2"]
[WhiteElo "2642"]
[BlackElo "2642"]
[PlyCount "65"]
[EventDate "2017.??.??"]

1. Nf3 d5 2. g3 g6 3. Bg2 Bg7 4. d4 Nf6 5. O-O O-O 6. c4 dxc4 7. Na3 c5 8. Nxc4
Be6 9. b3 Nc6 10. Bb2 cxd4 11. Nxd4 Nxd4 12. Bxd4 b6 13. Ne5 Bd5 14. Nc6 Bxc6
15. Bxc6 Rc8 16. Bf3 Ne8 17. Bxg7 Kxg7 18. Bb7 Qxd1 19. Rfxd1 Rc7 20. Ba6 Nf6
21. f3 Nd7 22. Bb5 Nc5 23. b4 a6 24. bxc5 axb5 25. cxb6 Rb7 26. Rac1 Rxb6 27.
Rc7 e6 28. Ra7 b4 29. Rd3 Rfb8 30. Rdd7 Rf8 31. Kf2 b3 32. axb3 Rxb3 33. h4
1/2-1/2

[Event "BL 1718 SV Werder Bremen - SF Deizisau"]
[Site "?"]
[Date "2017.12.10"]
[Round "6.3"]
[White "Meier, Georg"]
[Black "Edouard, Romain"]
[Result "1-0"]
[WhiteElo "2650"]
[BlackElo "2621"]
[PlyCount "87"]
[EventDate "2017.??.??"]

1. Nf3 d5 2. g3 g6 3. Bg2 Bg7 4. d4 Nf6 5. c4 dxc4 6. Na3 O-O 7. O-O c5 8. dxc5
Qxd1 9. Rxd1 Nfd7 10. Nxc4 Nxc5 11. Be3 Nba6 12. Rac1 Bf5 13. Nd4 Be4 14. f3
Bd5 15. Nb5 e6 16. f4 Bxg2 17. Kxg2 b6 18. Kf3 Rfc8 19. b3 Bf8 20. Ncd6 Rd8 21.
Rd4 Bg7 22. Rdc4 Bf8 23. Rd4 Bg7 24. Rd2 Bf8 25. Rc4 Rab8 26. Ne4 Nxe4 27. Rxd8
Rxd8 28. Rxe4 Nc5 29. Bxc5 Bxc5 30. Nxa7 Rd1 31. b4 Rf1+ 32. Kg2 Rf2+ 33. Kh3
Bf8 34. Nc6 h6 35. a4 g5 36. fxg5 hxg5 37. Re5 Bg7 38. Rxg5 Rxe2 39. Rb5 Ra2
40. Rxb6 Rxa4 41. Rb8+ Bf8 42. b5 Kg7 43. Rxf8 Kxf8 44. b6 1-0

[Event "BL 1718 SV Werder Bremen - SF Deizisau"]
[Site "?"]
[Date "2017.12.10"]
[Round "6.4"]
[White "Hracek, Zbynek"]
[Black "Heimann, Andreas"]
[Result "1/2-1/2"]
[WhiteElo "2592"]
[BlackElo "2577"]
[PlyCount "54"]
[EventDate "2017.??.??"]

1. e4 e5 2. Nf3 Nc6 3. Bb5 Nf6 4. O-O Nxe4 5. Re1 Nd6 6. Nxe5 Be7 7. Bf1 Nxe5
8. Rxe5 O-O 9. Nc3 Ne8 10. Nd5 Bd6 11. Re2 c6 12. Ne3 Bc7 13. Nf5 d5 14. Ne7+
Kh8 15. Nxc8 Rxc8 16. d3 f5 17. g3 Nf6 18. Bh3 Qd7 19. Bd2 Rce8 20. Rxe8 Rxe8
21. Qf3 Ng4 22. Re1 Rxe1+ 23. Bxe1 Qe6 24. Bxg4 Qxe1+ 25. Kg2 g6 26. Qe2 Qxe2
27. Bxe2 Kg7 1/2-1/2

[Event "BL 1718 SV Werder Bremen - SF Deizisau"]
[Site "?"]
[Date "2017.12.10"]
[Round "6.5"]
[White "Graf, Alexander"]
[Black "Babula, Vlastimil"]
[Result "0-1"]
[WhiteElo "2592"]
[BlackElo "2550"]
[PlyCount "68"]
[EventDate "2017.??.??"]

1. d4 Nf6 2. c4 e6 3. Nc3 Bb4 4. e3 O-O 5. Bd3 d5 6. Nf3 dxc4 7. Bxc4 c5 8. O-O
Nc6 9. Bd3 cxd4 10. exd4 Be7 11. a3 a6 12. Bc2 b5 13. Qd3 Bb7 14. Bg5 g6 15.
Rad1 Rc8 16. Rfe1 Na5 17. Bh6 Re8 18. Ne5 Nc4 19. Qe2 Qb6 20. Bb3 Nd5 21. Bxc4
bxc4 22. Na4 Qb5 23. Nc5 Bxc5 24. dxc5 Nf6 25. Rd4 Rxc5 26. Rf4 Nh5 27. Rxc4
Rxe5 28. Qxe5 Qxc4 29. f3 Qd5 30. Qc7 e5 31. b4 Ng7 32. h3 Nf5 33. Bg5 Nd4 34.
Re3 Qc6 0-1

[Event "BL 1718 SV Werder Bremen - SF Deizisau"]
[Site "?"]
[Date "2017.12.10"]
[Round "6.6"]
[White "Werle, Jan"]
[Black "Keymer, Vincent"]
[Result "1-0"]
[WhiteElo "2519"]
[BlackElo "2405"]
[PlyCount "101"]
[EventDate "2017.??.??"]

1. d4 d5 2. c4 c6 3. Nf3 Nf6 4. e3 Bf5 5. Nc3 e6 6. Nh4 Be4 7. f3 Bg6 8. Qb3
Qc7 9. Bd2 Be7 10. cxd5 cxd5 11. Nxg6 hxg6 12. O-O-O Nc6 13. Kb1 a6 14. Rc1 Nd7
15. Bd3 Qb6 16. Qd1 Rc8 17. g3 Qa7 18. Ne2 b5 19. h4 Nb6 20. e4 Nc4 21. Bc3 Rb8
22. Ka1 Kf8 23. Bxc4 bxc4 24. Nf4 Bd6 25. Qd2 Qc7 26. e5 Be7 27. h5 g5 28. Nh3
f6 29. g4 fxe5 30. dxe5 Qd8 31. Rhd1 Ke8 32. Qc2 Rh6 33. f4 gxf4 34. Nxf4 Bg5
35. Rf1 Qb6 36. Rcd1 Bxf4 37. Rxf4 Ne7 38. Bd4 Qa5 39. Qf2 Rh8 40. Rf7 c3 41.
Bxc3 Qc7 42. Rxg7 Rf8 43. Qd4 Rf3 44. Bb4 Nc6 45. Rxc7 Nxd4 46. a3 Rf4 47. h6
Kd8 48. h7 Kxc7 49. Bd6+ Kb7 50. Bxb8 Rf8 51. Bd6 1-0

[Event "BL 1718 SV Werder Bremen - SF Deizisau"]
[Site "?"]
[Date "2017.12.10"]
[Round "6.7"]
[White "Dautov, Rustem"]
[Black "Markgraf, Rolf-Alexander"]
[Result "1/2-1/2"]
[WhiteElo "2600"]
[BlackElo "2520"]
[PlyCount "107"]
[EventDate "2017.??.??"]

1. d4 f5 2. Nf3 Nf6 3. c4 g6 4. b4 c6 5. Bb2 d5 6. e3 a5 7. b5 cxb5 8. cxb5
Nbd7 9. Nbd2 Ne4 10. Be2 Bh6 11. O-O O-O 12. a4 Ndf6 13. Ne5 Be6 14. Ndf3 Rc8
15. Qb3 f4 16. exf4 Bxf4 17. Bc1 Rc3 18. Qb2 Nh5 19. Bd3 Qc7 20. b6 Qc8 21. Be3
Bxe5 22. Nxe5 Nf4 23. Bxe4 dxe4 24. Bxf4 Rxf4 25. Rac1 Rxc1 26. Rxc1 Qf8 27.
Qd2 Rf5 28. Qe3 Qd8 29. Qxe4 Qxb6 30. Ng4 Rd5 31. Rd1 Bxg4 32. Qxg4 Qc6 33. h3
Qd7 34. Qxd7 Rxd7 35. Kf1 e5 36. d5 Kf7 37. Rb1 Rxd5 38. Rxb7+ Ke6 39. Ra7 h5
40. Ke2 Kf5 41. Ke3 h4 42. Ra8 Kf6 43. Rf8+ Kg7 44. Ra8 Kf6 45. Ra7 Ke6 46. Kf3
Kf5 47. Ra6 Kg5 48. Ke2 Kf5 49. Ke3 Kg5 50. Ra8 Kf6 51. g3 hxg3 52. fxg3 Kf5
53. Rf8+ Ke6 54. Ra8 1/2-1/2

[Event "BL 1718 SV Werder Bremen - SF Deizisau"]
[Site "?"]
[Date "2017.12.10"]
[Round "6.8"]
[White "Joachim, Sven"]
[Black "Schlosser, Philipp"]
[Result "1/2-1/2"]
[WhiteElo "2391"]
[BlackElo "2501"]
[PlyCount "40"]
[EventDate "2017.??.??"]

1. e4 e5 2. Nf3 Nc6 3. Nc3 Nf6 4. d4 exd4 5. Nxd4 Bb4 6. Nxc6 bxc6 7. Bd3 d5 8.
exd5 cxd5 9. O-O O-O 10. h3 c6 11. Qf3 Bd6 12. Bf4 Re8 13. Rfe1 Be6 14. Ne2 c5
15. Rad1 Rb8 16. b3 a5 17. a4 d4 18. Bxd6 Qxd6 19. Qf4 Qxf4 20. Nxf4 Bd7
1/2-1/2

[Event "BL 1718 MSA Zugzwang - SV Hofheim"]
[Site "?"]
[Date "2017.12.10"]
[Round "6.1"]
[White "Volokitin, Andrei"]
[Black "Mons, Leon"]
[Result "1-0"]
[WhiteElo "2628"]
[BlackElo "2520"]
[PlyCount "83"]
[EventDate "2017.??.??"]

1. e4 e5 2. Nf3 Nc6 3. Bb5 a6 4. Ba4 Nf6 5. O-O Be7 6. d3 b5 7. Bb3 d6 8. a4
Bd7 9. c3 O-O 10. Bc2 Re8 11. Re1 Bf8 12. Bg5 h6 13. axb5 axb5 14. Rxa8 Qxa8
15. Bxf6 gxf6 16. Bb3 Na5 17. Bc2 b4 18. cxb4 Nc6 19. Ba4 Rb8 20. b5 Ne7 21.
Nc3 Bg7 22. Nh4 Be6 23. Bb3 Rd8 24. Bc4 Kh7 25. Qh5 Qc8 26. h3 Qd7 27. Ra1 d5
28. exd5 Nxd5 29. Nxd5 Bxd5 30. Qf5+ Qxf5 31. Nxf5 Bf8 32. Ne3 Bxc4 33. dxc4
Rd2 34. Ra7 Bd6 35. b4 e4 36. g3 Be5 37. Ng4 Bd4 38. Rxc7 h5 39. Ne3 h4 40. g4
Kg6 41. Re7 Be5 42. b6 1-0

[Event "BL 1718 MSA Zugzwang - SV Hofheim"]
[Site "?"]
[Date "2017.12.10"]
[Round "6.2"]
[White "Bromberger, Stefan"]
[Black "Schroeder, Jan-Christian"]
[Result "0-1"]
[WhiteElo "2495"]
[BlackElo "2553"]
[PlyCount "48"]
[EventDate "2017.??.??"]

1. e4 e5 2. Nf3 Nc6 3. d4 exd4 4. Nxd4 Nf6 5. Nxc6 bxc6 6. e5 Qe7 7. Qe2 Nd5 8.
c4 Nb6 9. Nc3 Ba6 10. Qe4 O-O-O 11. Bd2 f6 12. c5 Bxf1 13. cxb6 Ba6 14. bxc7
Re8 15. O-O-O fxe5 16. Qa4 Kb7 17. Rhe1 d5 18. Nxd5 cxd5 19. Re3 Bc4 20. Rb3+
Bxb3 21. Qxb3+ Kc8 22. Qb8+ Kd7 23. Bc3 Qc5 24. Kb1 Bd6 0-1

[Event "BL 1718 MSA Zugzwang - SV Hofheim"]
[Site "?"]
[Date "2017.12.10"]
[Round "6.3"]
[White "Savchenko, Stanislav"]
[Black "Hertneck, Gerald"]
[Result "1/2-1/2"]
[WhiteElo "2470"]
[BlackElo "2498"]
[PlyCount "47"]
[EventDate "2017.??.??"]

1. Nf3 d5 2. d4 Nf6 3. c4 c6 4. e3 Bf5 5. Nc3 e6 6. Nh4 Be4 7. f3 Bg6 8. Qb3
Qb6 9. Nxg6 hxg6 10. Bd2 Nbd7 11. O-O-O Bd6 12. Qc2 Qc7 13. cxd5 Nxd5 14. h3
O-O-O 15. Kb1 Kb8 16. Bc4 N7b6 17. Be2 e5 18. Nxd5 Nxd5 19. e4 Nb6 20. dxe5
Bxe5 21. Be3 f6 22. Rxd8+ Rxd8 23. Rd1 g5 24. Bf2 1/2-1/2

[Event "BL 1718 MSA Zugzwang - SV Hofheim"]
[Site "?"]
[Date "2017.12.10"]
[Round "6.4"]
[White "Zysk, Robert"]
[Black "Ginsburg, Gennadi"]
[Result "1-0"]
[WhiteElo "2413"]
[BlackElo "2442"]
[PlyCount "83"]
[EventDate "2017.??.??"]

1. d4 Nf6 2. c4 e6 3. Nf3 d5 4. g3 Bb4+ 5. Bd2 Be7 6. Bg2 c6 7. Qc2 Nbd7 8. O-O
O-O 9. Bf4 Nh5 10. Bc1 f5 11. b3 Kh8 12. Ba3 Bxa3 13. Nxa3 Qe7 14. Qc1 b6 15.
Nc2 Bb7 16. Qa3 Qxa3 17. Nxa3 Nhf6 18. Rfd1 a5 19. Rac1 g6 20. e3 Kg7 21. Nb1
h6 22. h4 Ne4 23. Nc3 Rac8 24. Nd2 Ba6 25. Ncxe4 dxe4 26. f3 exf3 27. Nxf3 Rfd8
28. Re1 Nf6 29. c5 b5 30. Ne5 Bb7 31. a4 Nd5 32. axb5 cxb5 33. c6 Ba8 34. Rc5
a4 35. bxa4 bxa4 36. Kf2 Rc7 37. Ra1 Rb8 38. Bxd5 Rb2+ 39. Kf3 exd5 40. Rxa4 g5
41. hxg5 hxg5 42. Rxa8 1-0

[Event "BL 1718 MSA Zugzwang - SV Hofheim"]
[Site "?"]
[Date "2017.12.10"]
[Round "6.5"]
[White "Perske, Thore"]
[Black "Hoffmeyer, Falk"]
[Result "1-0"]
[WhiteElo "2452"]
[BlackElo "2356"]
[PlyCount "79"]
[EventDate "2017.??.??"]

1. e4 c6 2. d4 d5 3. e5 Bf5 4. Nf3 e6 5. Be2 c5 6. Be3 cxd4 7. Nxd4 Ne7 8. O-O
Nbc6 9. Bb5 a6 10. Bxc6+ Nxc6 11. Nxf5 exf5 12. c3 Qd7 13. Bd4 Be7 14. Nd2 O-O
15. Nf3 Qe6 16. Qd3 Rfd8 17. Rad1 Rd7 18. Rfe1 h6 19. Qe3 Rc8 20. h4 b5 21. a3
Na5 22. Re2 Nc4 23. Qf4 a5 24. h5 Rb7 25. Be3 Nxe3 26. Rxe3 Rc4 27. Nd4 Qd7 28.
Rf3 b4 29. axb4 axb4 30. Qxf5 Qxf5 31. Nxf5 bxc3 32. bxc3 Rc5 33. Rd4 Bg5 34.
g3 Rb1+ 35. Kg2 Re1 36. Nd6 f6 37. Ra4 Kf8 38. Ra8+ Ke7 39. exf6+ Bxf6 40. Re8+
1-0

[Event "BL 1718 MSA Zugzwang - SV Hofheim"]
[Site "?"]
[Date "2017.12.10"]
[Round "6.6"]
[White "Schramm, Christian"]
[Black "Lobzhanidze, Davit"]
[Result "1/2-1/2"]
[WhiteElo "2373"]
[BlackElo "2422"]
[PlyCount "128"]
[EventDate "2017.??.??"]

1. e4 e5 2. Nf3 Nc6 3. Bb5 a6 4. Ba4 Nf6 5. O-O Be7 6. Re1 b5 7. Bb3 d6 8. c3
O-O 9. d3 Na5 10. Bc2 c5 11. Nbd2 Re8 12. Nf1 Nc6 13. Ng3 h6 14. h3 Be6 15. d4
cxd4 16. cxd4 exd4 17. Nxd4 Nxd4 18. Qxd4 Qc7 19. Bb3 Bxb3 20. axb3 d5 21. exd5
Bc5 22. Rxe8+ Rxe8 23. Bf4 Bxd4 24. Bxc7 Nxd5 25. Bd6 Bxb2 26. Rxa6 Re1+ 27.
Kh2 Bd4 28. Ra8+ Kh7 29. Ra2 Rd1 30. Nf5 Nc3 31. Rc2 Bf6 32. Be7 Be5+ 33. g3
Rd3 34. b4 h5 35. Bd6 Bf6 36. Be7 Be5 37. Bd6 Bf6 38. Be7 Kg6 39. Bxf6 Kxf6 40.
Ne3 Ke5 41. Ng2 Ne4 42. Nf4 Rb3 43. Nxh5 g6 44. Nf4 g5 45. Nh5 Rxb4 46. f3 Nd6
47. f4+ gxf4 48. Nxf4 Rc4 49. Rb2 Ke4 50. h4 b4 51. Kh3 Nf5 52. Kg4 f6 53. Nh5
Nh6+ 54. Kh3 f5 55. Nf6+ Kd4 56. Rd2+ Kc3 57. Rd6 Ng4 58. Nd5+ Kb2 59. h5 Rd4
60. Rb6 Rxd5 61. Rxb4+ Kc3 62. Rxg4 fxg4+ 63. Kxg4 Kd4 64. h6 Ke4 1/2-1/2

[Event "BL 1718 MSA Zugzwang - SV Hofheim"]
[Site "?"]
[Date "2017.12.10"]
[Round "6.7"]
[White "Gurevich, Vladimir"]
[Black "Gerigk, Erasmus"]
[Result "1/2-1/2"]
[WhiteElo "2470"]
[BlackElo "2339"]
[PlyCount "42"]
[EventDate "2017.??.??"]

1. e4 c5 2. Nf3 Nc6 3. d4 cxd4 4. Nxd4 e5 5. Nb5 d6 6. c4 Be7 7. N1c3 a6 8. Na3
Be6 9. Nc2 Rc8 10. b3 Nf6 11. Bd3 O-O 12. O-O h6 13. Bb2 Qb6 14. Kh1 Qa7 15.
Nd5 Nd7 16. Nce3 Bd8 17. Nf5 Bxf5 18. exf5 Nf6 19. Nxf6+ Bxf6 20. Qg4 Rfd8 21.
Be4 b5 1/2-1/2

[Event "BL 1718 MSA Zugzwang - SV Hofheim"]
[Site "?"]
[Date "2017.12.10"]
[Round "6.8"]
[White "Lammers, Markus"]
[Black "Margolin, Boris"]
[Result "0-1"]
[WhiteElo "2319"]
[BlackElo "2385"]
[PlyCount "62"]
[EventDate "2017.??.??"]

1. Nf3 d5 2. c4 e6 3. d4 Nf6 4. e3 b6 5. Nc3 Bb7 6. Bd3 Nbd7 7. O-O Bd6 8. b3
O-O 9. Bb2 a6 10. Qc2 c5 11. cxd5 exd5 12. e4 cxd4 13. Nxd5 Nxd5 14. exd5 g6
15. Rad1 Ne5 16. Nxd4 Qh4 17. g3 Qh3 18. Be4 Ng4 19. Rfe1 Qxh2+ 20. Kf1 Rae8
21. Bg2 Qh5 22. Ne2 Bc8 23. Nf4 Bxf4 24. gxf4 Qh4 25. Qd2 a5 26. Re5 Ba6+ 27.
Ke1 Nxe5 28. fxe5 Qh2 29. Qg5 Qg1+ 30. Kd2 Qxf2+ 31. Kc1 Rc8+ 0-1

[Event "BL 1718 FC Bayern München - SV Hockenh"]
[Site "?"]
[Date "2017.12.10"]
[Round "6.1"]
[White "Wagner, Dennis"]
[Black "Dragnev, Valentin"]
[Result "0-1"]
[WhiteElo "2566"]
[BlackElo "2458"]
[PlyCount "80"]
[EventDate "2017.??.??"]

1. e4 e5 2. Nf3 Nc6 3. Bb5 a6 4. Ba4 Nf6 5. O-O Be7 6. d3 b5 7. Bb3 d6 8. a4 b4
9. Nbd2 Be6 10. Bxe6 fxe6 11. c3 Rb8 12. d4 bxc3 13. bxc3 exd4 14. cxd4 O-O 15.
Ba3 d5 16. Bxe7 Qxe7 17. Re1 Rb4 18. exd5 Nxd4 19. dxe6 Nd5 20. Rc1 Nf4 21. Re3
Rd8 22. g3 Nfe2+ 23. Rxe2 Nxf3+ 24. Nxf3 Rxd1+ 25. Rxd1 Rb8 26. Rd7 Qf6 27. Kg2
c5 28. Rf7 Qc3 29. Rf4 Re8 30. Re3 Qc2 31. h4 c4 32. Nd4 Qxa4 33. Nf5 Qc6+ 34.
Kh2 c3 35. Ref3 h6 36. e7 c2 37. Nxh6+ Kh7 38. Nf7 c1=Q 39. Ng5+ Kg6 40. Rg4
Kh5 0-1

[Event "BL 1718 FC Bayern München - SV Hockenh"]
[Site "?"]
[Date "2017.12.10"]
[Round "6.2"]
[White "Studer, Noel"]
[Black "Saric, Ivan"]
[Result "1-0"]
[WhiteElo "2467"]
[BlackElo "2669"]
[PlyCount "127"]
[EventDate "2017.??.??"]

1. d4 d5 2. c4 c6 3. Nc3 Nf6 4. cxd5 cxd5 5. Bf4 Nc6 6. e3 Bf5 7. Qb3 Na5 8.
Qa4+ Bd7 9. Qc2 e6 10. Bd3 Nc6 11. Qd1 Rc8 12. Nf3 Nh5 13. Bg5 Qb6 14. Rb1 h6
15. Bh4 g5 16. Bg3 Nxg3 17. hxg3 g4 18. Ng1 f5 19. Nge2 Bd6 20. f3 gxf3 21.
gxf3 Ne7 22. Kf2 h5 23. Rh3 Ng6 24. g4 hxg4 25. Rxh8+ Nxh8 26. fxg4 Nf7 27. Qh1
Qd8 28. gxf5 Qf6 29. Rg1 Ke7 30. Kf1 Rh8 31. Qf3 Rh6 32. Nf4 Bxf4 33. Qxf4 Nd6
34. Rg5 Bc6 35. fxe6 Qxf4+ 36. exf4 Kxe6 37. Kg2 Rh4 38. Kg3 Rh1 39. Rg6+ Ke7
40. f5 Ne8 41. Re6+ Kf7 42. Be2 Ng7 43. Re5 Kf6 44. Bd3 Nh5+ 45. Kg4 Kf7 46.
Kg5 Nf6 47. Be2 Rh2 48. Re6 Rg2+ 49. Kf4 Rf2+ 50. Ke5 Nd7+ 51. Kd6 Nf6 52. Re7+
Kf8 53. Re3 Kf7 54. b4 Rxf5 55. b5 Ne8+ 56. Kc5 Bd7 57. Bg4 b6+ 58. Kb4 Rf4 59.
Bxd7 Rxd4+ 60. Kb3 Nf6 61. Be6+ Kf8 62. Re5 Ne4 63. Nxe4 dxe4 64. Rd5 1-0

[Event "BL 1718 FC Bayern München - SV Hockenh"]
[Site "?"]
[Date "2017.12.10"]
[Round "6.3"]
[White "Buhmann, Rainer"]
[Black "Bischoff, Klaus"]
[Result "1/2-1/2"]
[WhiteElo "2584"]
[BlackElo "2505"]
[PlyCount "72"]
[EventDate "2017.??.??"]

1. e4 c5 2. Nf3 e6 3. d4 cxd4 4. Nxd4 Nc6 5. Nc3 d6 6. Be3 a6 7. f4 Bd7 8. Nb3
b5 9. a3 h5 10. Be2 Nf6 11. Bf3 Be7 12. Qe2 Qc7 13. O-O Rb8 14. Kh1 g6 15. Rae1
b4 16. Nd5 Nxd5 17. exd5 Nd8 18. Nd4 bxa3 19. bxa3 Bf6 20. dxe6 Nxe6 21. f5
gxf5 22. Bd5 Nxd4 23. Bxd4+ Be5 24. Bxe5 dxe5 25. Qxe5+ Qxe5 26. Rxe5+ Kf8 27.
c4 Rh6 28. h4 Rb3 29. Rf3 Rb1+ 30. Kh2 Rg6 31. Rd3 Be6 32. Bf3 f4 33. Rxh5 Bg4
34. Bxg4 Rxg4 35. Rh8+ Ke7 36. g3 fxg3+ 1/2-1/2

[Event "BL 1718 FC Bayern München - SV Hockenh"]
[Site "?"]
[Date "2017.12.10"]
[Round "6.4"]
[White "Johansson, Linus"]
[Black "Baramidze, David"]
[Result "1/2-1/2"]
[WhiteElo "2469"]
[BlackElo "2612"]
[PlyCount "90"]
[EventDate "2017.??.??"]

1. c4 c5 2. Nc3 Nc6 3. Nf3 Nf6 4. g3 d5 5. cxd5 Nxd5 6. Bg2 g6 7. h4 h6 8. d3
Bg7 9. Bd2 Be6 10. O-O Rc8 11. Rb1 Qd7 12. a3 O-O 13. Re1 Rfd8 14. Nxd5 Bxd5
15. Bc3 Nd4 16. Nxd4 cxd4 17. Bd2 Bxg2 18. Kxg2 Rc5 19. Rc1 Rxc1 20. Qxc1 Rc8
21. Qb1 Qc6+ 22. Kg1 Qc2 23. Bb4 e5 24. Qxc2 Rxc2 25. Kf1 f5 26. Rb1 e4 27. Ke1
exd3 28. exd3 f4 29. Bd2 f3 30. Kd1 Rc6 31. Rc1 Rxc1+ 32. Bxc1 Kf7 33. Ke1 Ke6
34. b3 h5 35. Kf1 Bf8 36. Ke1 Bd6 37. Kf1 a5 38. Kg1 Kd5 39. Kf1 Kc6 40. a4 Bb4
41. Bh6 b5 42. Bg5 bxa4 43. bxa4 Kd5 44. Bh6 Bc3 45. Bg5 Bb4 1/2-1/2

[Event "BL 1718 FC Bayern München - SV Hockenh"]
[Site "?"]
[Date "2017.12.10"]
[Round "6.5"]
[White "Banusz, Tamas"]
[Black "Fedorovsky, Michael"]
[Result "1/2-1/2"]
[WhiteElo "2629"]
[BlackElo "2478"]
[PlyCount "82"]
[EventDate "2017.??.??"]

1. c4 e6 2. g3 Nf6 3. Bg2 d5 4. Nf3 dxc4 5. Qa4+ Bd7 6. Qxc4 c5 7. Ne5 Qc8 8.
Qd3 Nc6 9. Nxd7 Nxd7 10. Qb5 Nd4 11. Qa4 Be7 12. Nc3 O-O 13. O-O b5 14. Qd1 b4
15. Nb1 c4 16. e3 Nf5 17. d4 cxd3 18. Qxd3 Rb8 19. Nd2 Rd8 20. Qe2 Ne5 21. Nf3
Qc4 22. Qxc4 Nxc4 23. Re1 Bf6 24. Rb1 b3 25. axb3 Rxb3 26. Ra1 Rd7 27. g4 Nh4
28. Nxh4 Bxh4 29. Bf3 Nxb2 30. Bxb2 Rxb2 31. Re2 Rxe2 32. Bxe2 Kf8 33. Kf1 Rc7
34. Bd3 Ke7 35. Ke2 h6 36. Ra2 Kd7 37. f4 Be7 38. Bb5+ Kd6 39. Rd2+ Kc5 40. Be8
Bf6 41. Rc2+ Kb6 1/2-1/2